000 00839cam a2200277 i 4500
003 DO-SdBNP
005 20240916103509.0
007 ta
008 240916s1960 sp 000 f spa d
020 _a847148157x
040 _aDO-SdBNP
_bspa
_cBNPHU
_erda
082 _a851.1
_bA411divin,
_222
100 1 _aAlighieri, Dante,
_d1265-1321.
_913825
_eautor
245 1 3 _aLa Divina Comedia /
_cDante Alighieri
264 _aEspaña :
_bTxertoa ediciones,
_c[1960].
300 _a503 páginas
_c21 cm.
336 _atexto
_btxt
_2rdacontent
337 _asin mediación
_bn
_2rdamedia
338 _avolumen
_bnc
_2rdacarrier
500 _aIncluye referencias a pie de páginas.
590 _aInventariado, 2024/ YL
650 4 _aPoesía italiana
_94554
650 4 _aLiteratura italiana
_93329
910 _aYlockward
942 _2ddc
_cLBS1
999 _c57690
_d57690